Crimen y castigo (II) /

Guardado en:
Autor Principal: Dostoievski, Fedor.
Otros Autores: Vidad, Augusto; trad.
Formato: Libro
Idioma:Spanish
Publicado: Buenos Aires : Hyspamerica, 1983.
Edición:1a ed.
Series:Historia Universal de la Literatura ; 5
Materias:
Etiquetas: Agregar Etiqueta
Sin Etiquetas, Sea el primero en etiquetar este registro!
LEADER 00741nam a22002175a 4500
001 CEM.cems024506
008 250212s1983####ag############000#0#spa#d
005 20250214162528.0
245 1 0 |a Crimen y castigo (II) /  |c Fedor Dostoievski. 
250 |a 1a ed. 
260 |a Buenos Aires :  |b Hyspamerica,  |c 1983. 
300 |a 600 p. 
490 1 |a Historia Universal de la Literatura ;  |v 5 
500 |a Título original: "Prestupleinie i Nakazainie". 
020 |a 9506140057 
100 1 |a Dostoievski, Fedor. 
700 1 |a Vidad, Augusto; trad. 
653 |a Literatura rusa 
653 |a Novela rusa 
859 |a CEMS  |b BIB. CEMS - 11 de abril  |h 891.733  |i D742a1  |p 29766.25  |t Ej.1  |v II 
859 |a CEMS  |b BIB. CEMS - 11 de abril  |h 891.733  |i D742a1  |p 29795.25  |t Ej.2  |v II